mysqli: Table './ulib62015/stat_globaluid' is marked as crashed and should be repaired
select id from stat_globaluid where statuid='20260517115926_3275'
mysqli: Table './ulib62015/stat_globaluid' is marked as crashed and should be repaired
DELETE FROM stat_globaluid
WHERE id NOT IN (
SELECT id
FROM (
SELECT id
FROM stat_globaluid
ORDER BY id DESC
LIMIT 100
) foo
);
mysqli: Table './ulib62015/stat_globaluid' is marked as crashed and should be repaired
insert into stat_globaluid set
statuid='20260517115926_3275',
dt='1778993966',
phpself='/ULIB62015/dublinfull.php',
agent='Mozilla/5.0 AppleWebKit/537.36 (KHTML, like Gecko; compatible; ClaudeBot/1.0; +claudebot@anthropic.com)',
yea='2026',
mon='5',
dat='17',
ip='216.73.216.45'
mysqli: Table './ulib62015/stathist_viewbib_bib_type' is marked as crashed and should be repaired
insert into stathist_viewbib_bib_type set
dat='17' ,
mon='05' ,
yea='2026' ,
statuid='20260517115926_3275' ,
head='30157' ,
foot='marc' ,
dt='1778993966'
| LEADER : 01174nam 2200277 a 4500 |
| 001 30157 |
| 003 ULIB |
| 008 030417s2542 caua sb 001 0 tha |
| 020 ^a9747738325
|
| 060 04 ^aQV766^bภ778 2542
|
| 245 10 ^aเภสัชกรรมแผนไทย /^cกัญจนา ดีวิเศษ, บรรณาธิการ, ผู้รวบรวม
|
| 250 ^aพิมพ์ครั้งที่ 1
|
| 260 ^aกรุงเทพฯ:^bโครงการพัฒนาตำรา สถาบันการแพทย์แผนไทย มูลนิธิการแพทย์แผนไทยพัฒนา,^c2542
|
| 300 ^a224 หน้า :^bภาพประกอบสี;^c21 ซม.
|
| 650 4 ^aยาสมุนไพร
|
| 650 4 ^aสมุนไพร^zไทย
|
| 650 4 ^aสมุนไพร^xเภสัชฤทธิวิทยา
|
| 650 4 ^aการแพทย์แผนโบราณ^zไทย
|
| 700 0 ^aกัญจนา ดีวิเศษ,^eบรรณาธิการ
|
| 700 0 ^aกัญจนา ดีวิเศษ,^eผู้รวบรวม
|
| 710 2 ^aถาบันส่งเสริมการแพทย์แผนไทย.^bโครงการพัฒนาตำรา
|
| 710 2 ^aมูลนิธิการแพทย์แผนไทยพัฒนา
|
| 945 ^p300^l0^i004644
|
| 945 ^p0^l0^i004641 |
| 999 ^alib
|
| คุณยังไม่ได้ล็อกอิน คุณสามารถมีกิจกรรมร่วมกับเว็บไซต์ได้ แต่ต้องล็อกอินก่อน :: |
|
|
|
| ลำดับที่ |
ประเภท |
เลขเรียก/บาร์โค้ด |
สถานที่ |
สถานะ |
| 1. |
 หนังสือ | QV766 ภ778 2542 ฉ.1 Barcode: 004641 | หนังสือทั่วไป | บนชั้น ขอยืม |
| 2. |
 หนังสือ | QV766 ภ778 2542 ฉ.2 Barcode: 004644 | หนังสือทั่วไป | บนชั้น ขอยืม |
รายการใกล้เคียง
หัวเรื่อง [ยาสมุนไพร]
|
|
ยังไม่เคยถูกคอมเมนท์
|
| คอมเมนท์ทรัพยากรรายการนี้ |
|